Journal of East European Management Studies

Guardado en:
Detalles Bibliográficos
Formato: Seriadas
Lenguaje:inglés
Publicado: Baden-Baden Nomos Verlagsgesellschaft
Materias:
Etiquetas: Agregar Etiqueta
Sin Etiquetas, Sea el primero en etiquetar este registro!

MARC

LEADER 00000nas1a2200000 4500
001 s123747
005 20250701092129.1
022 |a 0949-6181 
022 |a 1862-0019 
041 0 |a eng 
044 |a DE 
245 1 0 |a Journal of East European Management Studies 
264 1 |a Baden-Baden  |b Nomos Verlagsgesellschaft 
500 |a [Do r. 2020 vydavateľstvo Rainer Hampp Verlag] 
610 2 0 |a manažment 
610 2 0 |a riadenie zmien 
610 2 0 |a podnikanie 
610 2 0 |a manažment personálny 
610 2 0 |a SVE 
610 2 0 |a východná Európa